| 000 | 00718nam a2200217Ii 4500 | ||
|---|---|---|---|
| 003 | JO-AjNU | ||
| 008 | 230605s9999||||xx |||||||||||||| ||und|| | ||
| 017 | _a37103 | ||
| 040 |
_aJO-AjNU _bara _erda _cJO-AjNU |
||
| 041 | _aara | ||
| 050 | 1 | 4 | _aDS63.6.K367 2001 |
| 100 | 3 |
_aالخطيب، محمد كامل, _eauthor _914958 |
|
| 245 | 0 | 0 | _aتكوين النهضة العربية 1800-2000 |
| 264 | 3 | 1 | _aدمشق: مطبعة اليازجي، 2001 |
| 300 | _a217ص | ||
| 336 |
_atext _btxt _2rdacontent |
||
| 337 |
_aunmediated _bn _2rdamedia |
||
| 338 |
_avolume _bnc _2rdacarrier |
||
| 490 | 0 | _aقضايا وحوارات النهضة العربية؛ (30) | |
| 650 | 4 |
_aالنهضة العربية 1800- 2000 _914959 |
|
| 999 |
_aA4113 _c7681 _d7681 |
||